| 000 | 00819nam a22002777a 4500 | ||
|---|---|---|---|
| 008 | 131112b xxu||||| |||| 00| 0 eng d | ||
| 020 | _a81-7648-378-8 | ||
| 024 | _cAvailable | ||
| 037 | _cAvailable | ||
| 040 |
_aMBSTU LIBRARY _dMBSTU LIBRARY |
||
| 082 |
_222 _a620.8 BAE |
||
| 100 | _aBali, Geetha. | ||
| 110 | _aAlan Scragg and Bimla Singh. | ||
| 245 | _aEnvironmental biotechnology. | ||
| 250 | _a2nd | ||
| 260 |
_aNew Delhi _bA P H Pub. Corporation. _c2002 |
||
| 300 |
_a22 cm. _b386 page _f4 _g22 cm. |
||
| 600 | _2Biotechnology. | ||
| 650 | _2Biotechnology. | ||
| 700 | _aBali, Geetha. | ||
| 710 | _aAlan Scragg and Bimla Singh. | ||
| 270 |
_aNew Delhi _bNew Delhi _dIndia |
||
| 365 |
_b1074.00 _d1074.00 |
||
| 942 |
_2ddc _cBK |
||
| 999 |
_c829 _d829 |
||